[Event "Kadettlandskamp NOR-SWE B 2018"]
[Site "NTG, Bærum, Norway"]
[Date "2018.12.16"]
[Round "11.3"]
[White "Nguyen, Gabriel"]
[Black "Vitenberg, Noam A"]
[Result "0-1"]
[WhiteFideId "1720791"]
[BlackFideId "1532138"]
[WhiteElo "1906"]
[BlackElo "1889"]

1. d4 {[%clk 00:15:19]} {[%emt 00:00:02]} Nf6 {[%clk 00:15:19]} {[%emt
00:00:01]} 2. c4 {[%clk 00:15:27]} {[%emt 00:00:02]} e6 {[%clk 00:15:28]}
{[%emt 00:00:01]} 3. Nf3 {[%clk 00:15:36]} {[%emt 00:00:01]} d5 {[%clk
00:15:37]} {[%emt 00:00:01]} 4. Nc3 {[%clk 00:15:43]} {[%emt 00:00:02]} Bb4
{[%clk 00:15:27]} {[%emt 00:00:21]} 5. Qa4+ {[%clk 00:15:41]} {[%emt 00:00:12]}
Nc6 {[%clk 00:15:35]} {[%emt 00:00:02]} 6. e3 {[%clk 00:15:49]} {[%emt
00:00:02]} O-O {[%clk 00:14:19]} {[%emt 00:01:26]} 7. Be2 {[%clk 00:15:27]}
{[%emt 00:00:31]} a6 {[%clk 00:13:49]} {[%emt 00:00:41]} 8. Qc2 {[%clk
00:15:30]} {[%emt 00:00:07]} dxc4 {[%clk 00:13:49]} {[%emt 00:00:10]} 9. Bxc4
{[%clk 00:15:37]} {[%emt 00:00:03]} b5 {[%clk 00:13:55]} {[%emt 00:00:03]} 10.
Be2 {[%clk 00:14:56]} {[%emt 00:00:52]} Bb7 {[%clk 00:13:03]} {[%emt 00:01:01]}
11. a3 {[%clk 00:15:05]} {[%emt 00:00:02]} Bxc3+ {[%clk 00:10:58]} {[%emt
00:02:15]} 12. bxc3 {[%clk 00:13:55]} {[%emt 00:01:20]} Na5 {[%clk 00:09:52]}
{[%emt 00:01:16]} 13. O-O {[%clk 00:13:29]} {[%emt 00:00:36]} Be4 {[%clk
00:08:34]} {[%emt 00:01:27]} 14. Bd3 {[%clk 00:13:11]} {[%emt 00:00:28]} Bxd3
{[%clk 00:08:35]} {[%emt 00:00:10]} 15. Qxd3 {[%clk 00:13:20]} {[%emt
00:00:01]} Nb3 {[%clk 00:05:57]} {[%emt 00:02:47]} 16. Rb1 {[%clk 00:11:14]}
{[%emt 00:02:16]} Nxc1 {[%clk 00:05:31]} {[%emt 00:00:37]} 17. Rfxc1 {[%clk
00:11:20]} {[%emt 00:00:04]} c5 {[%clk 00:05:31]} {[%emt 00:00:09]} 18. c4
{[%clk 00:09:21]} {[%emt 00:02:10]} bxc4 {[%clk 00:04:43]} {[%emt 00:00:57]} 19.
Qxc4 {[%clk 00:07:51]} {[%emt 00:01:41]} cxd4 {[%clk 00:04:42]} {[%emt
00:00:11]} 20. Nxd4 {[%clk 00:07:59]} {[%emt 00:00:02]} Qd6 {[%clk 00:04:44]}
{[%emt 00:00:08]} 21. Qb4 {[%clk 00:06:18]} {[%emt 00:01:51]} Qe5 {[%clk
00:02:46]} {[%emt 00:02:07]} 22. Nf3 {[%clk 00:04:57]} {[%emt 00:01:29]} Qf5
{[%clk 00:02:00]} {[%emt 00:00:58]} 23. Nd4 {[%clk 00:04:20]} {[%emt 00:00:47]}
Qh5 {[%clk 00:01:54]} {[%emt 00:00:16]} 24. h3 {[%clk 00:04:09]} {[%emt
00:00:22]} e5 {[%clk 00:00:39]} {[%emt 00:01:24]} 25. Nf3 {[%clk 00:03:42]}
{[%emt 00:00:37]} e4 {[%clk 00:00:35]} {[%emt 00:00:14]} 26. Nd4 {[%clk
00:03:49]} {[%emt 00:00:03]} Qg5 {[%clk 00:00:35]} {[%emt 00:00:10]} 27. Rc5
{[%clk 00:03:32]} {[%emt 00:00:27]} Qg6 {[%clk 00:00:31]} {[%emt 00:00:15]} 28.
Rc6 {[%clk 00:02:58]} {[%emt 00:00:44]} Rfe8 {[%clk 00:00:29]} {[%emt
00:00:11]} 29. Qb7 {[%clk 00:02:47]} {[%emt 00:00:21]} Qg5 {[%clk 00:00:25]}
{[%emt 00:00:14]} 30. Rxa6 {[%clk 00:02:37]} {[%emt 00:00:21]} Rac8 {[%clk
00:00:18]} {[%emt 00:00:17]} 31. Rc6 {[%clk 00:02:31]} {[%emt 00:00:16]} Ra8
{[%clk 00:00:18]} {[%emt 00:00:10]} 32. Rc7 {[%clk 00:02:23]} {[%emt 00:00:17]}
Qd5 {[%clk 00:00:16]} {[%emt 00:00:12]} 33. Qb4 {[%clk 00:02:14]} {[%emt
00:00:19]} Qd8 {[%clk 00:00:18]} {[%emt 00:00:08]} 34. Qc4 {[%clk 00:01:54]}
{[%emt 00:00:31]} Nd5 {[%clk 00:00:18]} {[%emt 00:00:10]} 35. Rc5 {[%clk
00:01:35]} {[%emt 00:00:29]} Nb6 {[%clk 00:00:18]} {[%emt 00:00:09]} 36. Qb3
{[%clk 00:01:34]} {[%emt 00:00:11]} Nd7 {[%clk 00:00:17]} {[%emt 00:00:10]} 37.
Nc6 {[%clk 00:01:00]} {[%emt 00:00:46]} Nxc5 {[%clk 00:00:19]} {[%emt
00:00:08]} 38. Qc4 {[%clk 00:00:39]} {[%emt 00:00:31]} Qd6 {[%clk 00:00:28]}
{[%emt 00:00:01]} 39. Nd4 {[%clk 00:00:43]} {[%emt 00:00:06]} Ne6 {[%clk
00:00:25]} {[%emt 00:00:12]} 40. Nf5 {[%clk 00:00:46]} {[%emt 00:00:07]} Qe5
{[%clk 00:00:34]} 41. Rb5 {[%clk 00:00:50]} {[%emt 00:00:08]} Qa1+ {[%clk
00:00:39]} {[%emt 00:00:05]} 42. Kh2 {[%clk 00:00:59]} Qe1 {[%clk 00:00:29]}
{[%emt 00:00:19]} 43. Nd6 {[%clk 00:01:02]} {[%emt 00:00:08]} Red8 {[%clk
00:00:29]} {[%emt 00:00:09]} 44. Qxe4 {[%clk 00:00:57]} {[%emt 00:00:15]} Qxf2
{[%clk 00:00:18]} {[%emt 00:00:22]} 45. Nxf7 {[%clk 00:01:01]} {[%emt
00:00:06]} Qxf7 {[%clk 00:00:26]} {[%emt 00:00:02]} 46. Rb7 {[%clk 00:01:01]}
{[%emt 00:00:10]} Nc5 {[%clk 00:00:28]} {[%emt 00:00:08]} 47. Rxf7 {[%clk
00:01:05]} {[%emt 00:00:06]} Nxe4 {[%clk 00:00:37]} {[%emt 00:00:01]} 48. Re7
{[%clk 00:01:13]} {[%emt 00:00:02]} Nf6 {[%clk 00:00:43]} {[%emt 00:00:04]} 49.
e4 {[%clk 00:01:20]} {[%emt 00:00:02]} Rxa3 {[%clk 00:00:50]} {[%emt 00:00:03]}
50. e5 {[%clk 00:01:29]} {[%emt 00:00:02]} Nd5 {[%clk 00:00:54]} {[%emt
00:00:06]} 51. Rb7 {[%clk 00:01:37]} {[%emt 00:00:02]} Ra2 {[%clk 00:01:02]}
{[%emt 00:00:02]} 52. e6 {[%clk 00:01:45]} {[%emt 00:00:02]} Nf4 {[%clk
00:01:09]} {[%emt 00:00:02]} 53. Kg3 {[%clk 00:01:53]} {[%emt 00:00:02]} Nxe6
{[%clk 00:01:15]} {[%emt 00:00:04]} 54. Rb6 {[%clk 00:02:02]} {[%emt 00:00:02]}
Kf7 {[%clk 00:01:20]} {[%emt 00:00:05]} 55. Rb7+ {[%clk 00:02:10]} {[%emt
00:00:01]} Kf6 {[%clk 00:01:30]} 56. Rb6 {[%clk 00:02:19]} {[%emt 00:00:02]}
Rd3+ {[%clk 00:01:39]} 57. Kg4 {[%clk 00:02:28]} Ra4+ {[%clk 00:01:48]} 58. Kh5
{[%clk 00:02:36]} {[%emt 00:00:01]} g6+ {[%clk 00:01:52]} {[%emt 00:00:04]} 59.
Kh6 {[%clk 00:02:45]} {[%emt 00:00:04]} Rh4 {[%clk 00:02:00]} {[%emt 00:00:02]}
0-1

[Event "Kadettlandskamp NOR-SWE B 2018"]
[Site "NTG, Bærum, Norway"]
[Date "2018.12.16"]
[Round "11.4"]
[White "Rasti, Arvin"]
[Black "Fossan, Aleksander"]
[Result "1-0"]
[WhiteFideId "1741160"]
[BlackFideId "1519794"]
[WhiteElo "1777"]
[BlackElo "1903"]

1. d4 {[%clk 00:15:17]} {[%emt 00:00:03]} d6 {[%clk 00:15:19]} {[%emt
00:00:01]} 2. e4 {[%clk 00:15:24]} {[%emt 00:00:04]} Nf6 {[%clk 00:15:28]} 3.
Nc3 {[%clk 00:15:30]} {[%emt 00:00:04]} e5 {[%clk 00:15:37]} 4. Nf3 {[%clk
00:15:38]} {[%emt 00:00:02]} Nbd7 {[%clk 00:15:46]} {[%emt 00:00:01]} 5. dxe5
{[%clk 00:15:32]} {[%emt 00:00:16]} dxe5 {[%clk 00:15:55]} {[%emt 00:00:02]} 6.
Be2 {[%clk 00:15:18]} {[%emt 00:00:24]} Be7 {[%clk 00:14:49]} {[%emt 00:01:16]}
7. O-O {[%clk 00:15:15]} {[%emt 00:00:12]} O-O {[%clk 00:14:59]} {[%emt
00:00:01]} 8. h3 {[%clk 00:15:20]} {[%emt 00:00:05]} c6 {[%clk 00:14:57]}
{[%emt 00:00:12]} 9. Be3 {[%clk 00:15:26]} {[%emt 00:00:03]} Qc7 {[%clk
00:15:00]} {[%emt 00:00:08]} 10. a4 {[%clk 00:14:40]} {[%emt 00:00:56]} Nc5
{[%clk 00:14:47]} {[%emt 00:00:23]} 11. Bd3 {[%clk 00:14:16]} {[%emt 00:00:34]}
h6 {[%clk 00:13:39]} {[%emt 00:01:18]} 12. Qe2 {[%clk 00:14:09]} {[%emt
00:00:17]} Nxd3 {[%clk 00:13:20]} {[%emt 00:00:28]} 13. cxd3 {[%clk 00:14:07]}
{[%emt 00:00:12]} Be6 {[%clk 00:13:00]} {[%emt 00:00:31]} 14. d4 {[%clk
00:13:38]} {[%emt 00:00:38]} exd4 {[%clk 00:10:52]} {[%emt 00:02:18]} 15. Nxd4
{[%clk 00:13:34]} {[%emt 00:00:14]} Rae8 {[%clk 00:06:51]} {[%emt 00:04:12]} 16.
Nxe6 {[%clk 00:12:52]} {[%emt 00:00:52]} fxe6 {[%clk 00:06:59]} {[%emt
00:00:01]} 17. Qc4 {[%clk 00:12:48]} {[%emt 00:00:13]} Kh8 {[%clk 00:06:03]}
{[%emt 00:01:08]} 18. a5 {[%clk 00:12:00]} {[%emt 00:00:58]} b5 {[%clk
00:05:19]} {[%emt 00:00:54]} 19. Nxb5 {[%clk 00:11:43]} {[%emt 00:00:27]} Qe5
{[%clk 00:05:03]} {[%emt 00:00:26]} 20. Nc3 {[%clk 00:11:36]} {[%emt 00:00:17]}
Rb8 {[%clk 00:04:32]} {[%emt 00:00:40]} 21. f4 {[%clk 00:10:38]} {[%emt
00:01:08]} Qc7 {[%clk 00:04:20]} {[%emt 00:00:23]} 22. Rfb1 {[%clk 00:09:52]}
{[%emt 00:00:55]} e5 {[%clk 00:03:43]} {[%emt 00:00:48]} 23. f5 {[%clk
00:09:31]} {[%emt 00:00:31]} Rb4 {[%clk 00:03:42]} {[%emt 00:00:10]} 24. Qa6
{[%clk 00:09:03]} {[%emt 00:00:36]} c5 {[%clk 00:02:46]} {[%emt 00:01:09]} 25.
Qd3 {[%clk 00:07:49]} {[%emt 00:01:22]} Qb7 {[%clk 00:01:55]} {[%emt 00:01:02]}
26. a6 {[%clk 00:07:34]} {[%emt 00:00:26]} Qb6 {[%clk 00:01:40]} {[%emt
00:00:24]} 27. Qc2 {[%clk 00:06:16]} {[%emt 00:01:28]} Rb8 {[%clk 00:01:37]}
{[%emt 00:00:13]} 28. Na4 {[%clk 00:06:16]} {[%emt 00:00:11]} Qc6 {[%clk
00:01:42]} {[%emt 00:00:05]} 29. Rc1 {[%clk 00:05:09]} {[%emt 00:01:17]} Nxe4
{[%clk 00:01:39]} {[%emt 00:00:13]} 30. f6 {[%clk 00:03:41]} {[%emt 00:01:37]}
gxf6 {[%clk 00:01:16]} {[%emt 00:00:34]} 31. Bxh6 {[%clk 00:03:10]} {[%emt
00:00:41]} Qxa6 {[%clk 00:00:45]} {[%emt 00:00:41]} 32. Be3 {[%clk 00:02:41]}
{[%emt 00:00:38]} Qb7 {[%clk 00:00:31]} {[%emt 00:00:24]} 33. Rab1 {[%clk
00:02:07]} {[%emt 00:00:45]} c4 {[%clk 00:00:31]} {[%emt 00:00:10]} 34. Qd1
{[%clk 00:01:53]} {[%emt 00:00:24]} Ng3 {[%clk 00:00:22]} {[%emt 00:00:19]} 35.
Bf2 {[%clk 00:01:40]} {[%emt 00:00:22]} Rg8 {[%clk 00:00:19]} {[%emt 00:00:13]}
36. Bc5 {[%clk 00:01:03]} {[%emt 00:00:47]} Rb3 {[%clk 00:00:14]} {[%emt
00:00:16]} 37. Qd2 {[%clk 00:00:58]} {[%emt 00:00:15]} Bxc5+ {[%clk 00:00:18]}
{[%emt 00:00:06]} 38. Nxc5 {[%clk 00:01:06]} {[%emt 00:00:02]} Qg7 {[%clk
00:00:14]} {[%emt 00:00:14]} 39. Nxb3 {[%clk 00:01:09]} {[%emt 00:00:07]} cxb3
{[%clk 00:00:21]} {[%emt 00:00:02]} 40. Rc4 {[%clk 00:00:58]} {[%emt 00:00:21]}
Nf5 {[%clk 00:00:12]} {[%emt 00:00:20]} 41. Rg4 {[%clk 00:01:03]} {[%emt
00:00:04]} Qh7 {[%clk 00:00:13]} {[%emt 00:00:09]} 42. Rxg8+ {[%clk 00:01:07]}
{[%emt 00:00:06]} Qxg8 {[%clk 00:00:21]} {[%emt 00:00:03]} 43. Ra1 {[%clk
00:01:04]} {[%emt 00:00:10]} Qf8 {[%clk 00:00:24]} {[%emt 00:00:09]} 44. Rxa7
{[%clk 00:00:59]} {[%emt 00:00:15]} Qc5+ {[%clk 00:00:34]} 45. Qf2 {[%clk
00:01:09]} Qc1+ {[%clk 00:00:36]} {[%emt 00:00:08]} 46. Kh2 {[%clk 00:01:18]}
Qg5 {[%clk 00:00:30]} {[%emt 00:00:15]} 47. Qf3 {[%clk 00:01:16]} {[%emt
00:00:12]} Nh4 {[%clk 00:00:26]} {[%emt 00:00:14]} 48. Qa8+ {[%clk 00:01:22]}
{[%emt 00:00:04]} Qg8 {[%clk 00:00:34]} {[%emt 00:00:02]} 49. Qxg8+ {[%clk
00:01:29]} {[%emt 00:00:04]} Kxg8 {[%clk 00:00:44]} 50. Rb7 {[%emt 00:00:07]}
e4 {[%clk 00:00:48]} 51. Rxb3 {[%clk 00:01:44]} {[%emt 00:00:03]} Kf7 {[%clk
00:00:57]} {[%emt 00:00:01]} 52. Kg3 {[%clk 00:01:51]} {[%emt 00:00:02]} Ng6
{[%clk 00:01:00]} {[%emt 00:00:08]} 53. Rb5 {[%clk 00:01:57]} {[%emt 00:00:03]}
Ke6 {[%clk 00:01:08]} {[%emt 00:00:02]} 54. h4 {[%clk 00:02:05]} {[%emt
00:00:02]} Ne7 {[%clk 00:00:33]} {[%emt 00:00:45]} 55. h5 {[%clk 00:01:50]}
{[%emt 00:00:25]} f5 {[%clk 00:00:35]} {[%emt 00:00:08]} 56. h6 {[%clk
00:01:20]} {[%emt 00:00:40]} Kf6 {[%clk 00:00:16]} {[%emt 00:00:29]} 57. h7
{[%clk 00:01:18]} {[%emt 00:00:11]} Ng6 {[%clk 00:00:23]} {[%emt 00:00:03]} 58.
Rb6+ {[%clk 00:01:27]} {[%emt 00:00:02]} Ke5 {[%clk 00:00:30]} {[%emt
00:00:03]} 59. Rxg6 {[%clk 00:01:34]} {[%emt 00:00:03]} f4+ {[%clk 00:00:40]}
60. Kf2 {[%clk 00:01:43]} e3+ {[%clk 00:00:49]} {[%emt 00:00:01]} 61. Ke2
{[%clk 00:01:53]} {[%emt 00:00:01]} Kf5 {[%clk 00:00:58]} 62. Ra6 {[%clk
00:01:58]} {[%emt 00:00:04]} Kg4 {[%clk 00:01:05]} {[%emt 00:00:04]} 63. h8=Q
{[%clk 00:02:06]} {[%emt 00:00:01]} Kg3 {[%clk 00:01:12]} {[%emt 00:00:03]} 64.
Qh3+ {[%clk 00:02:15]} {[%emt 00:00:02]} 1-0

[Event "Kadettlandskamp NOR-SWE B 2018"]
[Site "NTG, Bærum, Norway"]
[Date "2018.12.16"]
[Round "11.5"]
[White "Ivarsson, Sebastian"]
[Black "Kizatbay, Abyl"]
[Result "0-1"]
[WhiteFideId "1738593"]
[BlackFideId "1521853"]
[WhiteElo "1652"]
[BlackElo "1952"]

1. d4 {[%clk 00:15:19]} {[%emt 00:00:01]} Nf6 {[%clk 00:15:19]} {[%emt
00:00:01]} 2. c4 {[%clk 00:15:28]} {[%emt 00:00:01]} g6 {[%clk 00:15:28]}
{[%emt 00:00:01]} 3. Nc3 {[%clk 00:15:34]} {[%emt 00:00:03]} d5 {[%clk
00:15:38]} 4. Nf3 {[%clk 00:15:09]} {[%emt 00:00:36]} Bg7 {[%clk 00:15:47]}
{[%emt 00:00:01]} 5. cxd5 {[%clk 00:15:15]} {[%emt 00:00:04]} Nxd5 {[%clk
00:15:56]} 6. e4 {[%clk 00:15:22]} {[%emt 00:00:02]} Nxc3 {[%clk 00:16:05]}
{[%emt 00:00:02]} 7. bxc3 {[%clk 00:15:31]} {[%emt 00:00:01]} O-O {[%clk
00:16:13]} {[%emt 00:00:02]} 8. Be2 {[%clk 00:15:14]} {[%emt 00:00:27]} c5
{[%clk 00:16:22]} 9. O-O {[%clk 00:15:05]} {[%emt 00:00:21]} Qa5 {[%clk
00:15:56]} {[%emt 00:00:35]} 10. Qc2 {[%clk 00:14:47]} {[%emt 00:00:27]} Nc6
{[%clk 00:15:23]} {[%emt 00:00:44]} 11. Be3 {[%clk 00:14:15]} {[%emt 00:00:41]}
cxd4 {[%clk 00:14:18]} {[%emt 00:01:16]} 12. cxd4 {[%clk 00:14:17]} {[%emt
00:00:08]} Bg4 {[%clk 00:14:26]} {[%emt 00:00:03]} 13. Rfd1 {[%clk 00:10:48]}
{[%emt 00:03:37]} Rfd8 {[%clk 00:14:20]} {[%emt 00:00:17]} 14. e5 {[%clk
00:09:09]} {[%emt 00:01:48]} Rac8 {[%clk 00:12:03]} {[%emt 00:02:28]} 15. Qb3
{[%clk 00:07:06]} {[%emt 00:02:12]} Qb4 {[%clk 00:10:04]} {[%emt 00:02:10]} 16.
h3 {[%clk 00:05:45]} {[%emt 00:01:32]} Bf5 {[%clk 00:08:11]} {[%emt 00:02:02]}
17. Bc4 {[%clk 00:04:06]} {[%emt 00:01:48]} Qxb3 {[%clk 00:08:01]} {[%emt
00:00:21]} 18. axb3 {[%clk 00:04:15]} {[%emt 00:00:01]} h6 {[%clk 00:06:59]}
{[%emt 00:01:12]} 19. Nh4 {[%clk 00:03:32]} {[%emt 00:00:53]} Be4 {[%clk
00:07:07]} {[%emt 00:00:02]} 20. f4 {[%clk 00:03:12]} {[%emt 00:00:29]} a6
{[%clk 00:05:36]} {[%emt 00:01:42]} 21. d5 {[%clk 00:02:07]} {[%emt 00:01:15]}
Nb4 {[%clk 00:05:44]} {[%emt 00:00:01]} 22. Bb6 {[%clk 00:01:20]} {[%emt
00:00:56]} Rd7 {[%clk 00:05:54]} {[%emt 00:00:02]} 23. Rd4 {[%clk 00:00:30]}
{[%emt 00:01:00]} Nc2 {[%clk 00:05:08]} {[%emt 00:00:56]} 24. Rxe4 {[%clk
00:00:25]} {[%emt 00:00:15]} Nxa1 {[%emt 00:00:03]} 25. e6 {[%clk 00:00:23]}
{[%emt 00:00:10]} Rd6 {[%clk 00:05:13]} {[%emt 00:00:14]} 26. exf7+ {[%clk
00:00:16]} {[%emt 00:00:17]} Kxf7 {[%clk 00:05:18]} {[%emt 00:00:05]} 27. Ba5
{[%clk 00:00:24]} {[%emt 00:00:02]} b5 {[%clk 00:05:20]} {[%emt 00:00:08]} 28.
Be2 {[%clk 00:00:12]} {[%emt 00:00:21]} Rxd5 {[%clk 00:05:00]} {[%emt
00:00:32]} 29. Bg4 {[%clk 00:00:20]} {[%emt 00:00:01]} Rc1+ {[%clk 00:04:08]}
{[%emt 00:01:01]} 30. Kh2 {[%clk 00:00:29]} e5 {[%clk 00:01:59]} {[%emt
00:02:19]} 31. fxe5 {[%clk 00:00:17]} {[%emt 00:00:23]} Bxe5+ {[%clk 00:01:52]}
{[%emt 00:00:17]} 32. g3 {[%clk 00:00:20]} {[%emt 00:00:07]} Nxb3 {[%clk
00:01:40]} {[%emt 00:00:21]} 33. Bb4 {[%clk 00:00:17]} {[%emt 00:00:13]} a5
{[%clk 00:01:47]} {[%emt 00:00:04]} 34. Re2 {[%emt 00:00:15]} 0-1

[Event "Kadettlandskamp NOR-SWE B 2018"]
[Site "NTG, Bærum, Norway"]
[Date "2018.12.16"]
[Round "11.6"]
[White "Nielsen, Andre"]
[Black "Muntean, Viktor"]
[Result "1-0"]
[WhiteTitle "FM"]
[WhiteFideId "1518240"]
[BlackFideId "1054414"]
[WhiteElo "1917"]
[BlackElo "1791"]

1. e4 {[%clk 00:15:17]} {[%emt 00:00:02]} e5 {[%clk 00:15:19]} {[%emt
00:00:02]} 2. Nf3 {[%clk 00:15:24]} {[%emt 00:00:02]} Nc6 {[%clk 00:15:28]}
{[%emt 00:00:02]} 3. Bc4 {[%clk 00:15:31]} {[%emt 00:00:02]} Nf6 {[%clk
00:15:36]} {[%emt 00:00:02]} 4. d3 {[%clk 00:15:38]} {[%emt 00:00:03]} Be7
{[%clk 00:15:45]} {[%emt 00:00:02]} 5. O-O {[%clk 00:15:39]} {[%emt 00:00:09]}
O-O {[%clk 00:15:45]} {[%emt 00:00:10]} 6. Nc3 {[%clk 00:15:24]} {[%emt
00:00:24]} d6 {[%clk 00:15:48]} {[%emt 00:00:08]} 7. a4 {[%clk 00:15:24]}
{[%emt 00:00:10]} Na5 {[%clk 00:15:41]} {[%emt 00:00:18]} 8. Ba2 {[%clk
00:15:28]} {[%emt 00:00:05]} c5 {[%clk 00:15:36]} {[%emt 00:00:15]} 9. Bg5
{[%clk 00:13:41]} {[%emt 00:01:57]} h6 {[%clk 00:15:36]} {[%emt 00:00:11]} 10.
Bxf6 {[%clk 00:13:30]} {[%emt 00:00:20]} Bxf6 {[%clk 00:15:39]} {[%emt
00:00:06]} 11. Nd5 {[%clk 00:13:34]} {[%emt 00:00:06]} Nc6 {[%clk 00:15:21]}
{[%emt 00:00:28]} 12. c3 {[%clk 00:13:20]} {[%emt 00:00:24]} g6 {[%clk
00:14:23]} {[%emt 00:01:09]} 13. Nd2 {[%clk 00:11:09]} {[%emt 00:02:20]} Be6
{[%clk 00:13:24]} {[%emt 00:01:10]} 14. f4 {[%clk 00:10:13]} {[%emt 00:01:05]}
Bxd5 {[%clk 00:13:00]} {[%emt 00:00:35]} 15. Bxd5 {[%clk 00:10:00]} {[%emt
00:00:23]} Ne7 {[%clk 00:12:56]} {[%emt 00:00:14]} 16. Ba2 {[%clk 00:08:49]}
{[%emt 00:01:20]} exf4 {[%clk 00:11:40]} {[%emt 00:01:27]} 17. Rxf4 {[%clk
00:08:47]} {[%emt 00:00:11]} Bg5 {[%clk 00:11:46]} {[%emt 00:00:05]} 18. Rf1
{[%clk 00:08:26]} {[%emt 00:00:31]} d5 {[%clk 00:10:26]} {[%emt 00:01:29]} 19.
Nf3 {[%clk 00:07:46]} {[%emt 00:00:50]} Be3+ {[%clk 00:09:36]} {[%emt
00:01:01]} 20. Kh1 {[%clk 00:07:54]} {[%emt 00:00:02]} dxe4 {[%clk 00:09:43]}
{[%emt 00:00:03]} 21. Ne5 {[%clk 00:06:50]} {[%emt 00:01:14]} Kg7 {[%clk
00:08:01]} {[%emt 00:01:52]} 22. Qe1 {[%clk 00:05:06]} {[%emt 00:01:54]} Bg5
{[%clk 00:07:02]} {[%emt 00:01:09]} 23. Qxe4 {[%clk 00:04:24]} {[%emt
00:00:52]} Nf5 {[%clk 00:06:23]} {[%emt 00:00:49]} 24. Rae1 {[%clk 00:03:41]}
{[%emt 00:00:52]} Qc7 {[%clk 00:05:55]} {[%emt 00:00:39]} 25. Nxf7 {[%clk
00:02:45]} {[%emt 00:01:06]} Rxf7 {[%clk 00:05:51]} {[%emt 00:00:13]} 26. Bxf7
{[%clk 00:02:53]} {[%emt 00:00:03]} Qxf7 {[%clk 00:05:27]} {[%emt 00:00:34]} 27.
g4 {[%clk 00:02:47]} {[%emt 00:00:15]} Rf8 {[%clk 00:04:53]} {[%emt 00:00:44]}
28. gxf5 {[%clk 00:02:50]} {[%emt 00:00:07]} gxf5 {[%clk 00:05:01]} {[%emt
00:00:03]} 29. Qe5+ {[%clk 00:02:36]} {[%emt 00:00:22]} Qf6 {[%clk 00:05:08]}
{[%emt 00:00:04]} 30. Rxf5 {[%clk 00:02:18]} {[%emt 00:00:28]} 1-0

[Event "Kadettlandskamp NOR-SWE B 2018"]
[Site "NTG, Bærum, Norway"]
[Date "2018.12.16"]
[Round "12.1"]
[White "Falkevall, Axel"]
[Black "Fossan, Aleksander"]
[Result "1-0"]
[WhiteFideId "1735560"]
[BlackFideId "1519794"]
[WhiteElo "1715"]
[BlackElo "1903"]

1. e4 {[%clk 00:15:19]} {[%emt 00:00:01]} d6 {[%clk 00:15:19]} {[%emt
00:00:02]} 2. d4 {[%clk 00:15:28]} {[%emt 00:00:01]} Nf6 {[%clk 00:15:28]} 3.
Nc3 {[%clk 00:15:36]} {[%emt 00:00:01]} e5 {[%clk 00:15:37]} 4. Nf3 {[%clk
00:15:45]} {[%emt 00:00:02]} Nbd7 {[%clk 00:15:45]} {[%emt 00:00:02]} 5. Bc4
{[%clk 00:15:50]} {[%emt 00:00:05]} Be7 {[%clk 00:15:54]} {[%emt 00:00:01]} 6.
O-O {[%clk 00:15:43]} {[%emt 00:00:17]} Nb6 {[%clk 00:16:03]} 7. Be2 {[%clk
00:15:06]} {[%emt 00:00:47]} exd4 {[%clk 00:16:11]} {[%emt 00:00:02]} 8. Nxd4
{[%clk 00:15:14]} {[%emt 00:00:02]} O-O {[%clk 00:16:09]} {[%emt 00:00:12]} 9.
Be3 {[%clk 00:15:14]} {[%emt 00:00:10]} Nfd7 {[%clk 00:15:51]} {[%emt
00:00:29]} 10. f4 {[%clk 00:14:14]} {[%emt 00:01:10]} Nc5 {[%clk 00:14:58]}
{[%emt 00:01:02]} 11. Bd3 {[%clk 00:12:54]} {[%emt 00:01:30]} d5 {[%clk
00:14:44]} {[%emt 00:00:25]} 12. exd5 {[%clk 00:11:42]} {[%emt 00:01:22]} Nxd3
{[%clk 00:14:13]} {[%emt 00:00:41]} 13. Qxd3 {[%clk 00:11:42]} {[%emt
00:00:10]} Nxd5 {[%clk 00:14:19]} {[%emt 00:00:04]} 14. Nxd5 {[%clk 00:11:37]}
{[%emt 00:00:14]} Qxd5 {[%clk 00:14:28]} {[%emt 00:00:01]} 15. c4 {[%clk
00:09:54]} {[%emt 00:01:53]} Qh5 {[%clk 00:14:04]} {[%emt 00:00:34]} 16. Rae1
{[%clk 00:06:11]} {[%emt 00:03:53]} c5 {[%clk 00:13:31]} {[%emt 00:00:43]} 17.
Nf3 {[%clk 00:06:01]} {[%emt 00:00:20]} Bf5 {[%clk 00:11:46]} {[%emt 00:01:55]}
18. Qa3 {[%clk 00:05:57]} {[%emt 00:00:14]} b6 {[%clk 00:11:21]} {[%emt
00:00:35]} 19. Bd4 {[%clk 00:04:23]} {[%emt 00:01:44]} Rfe8 {[%clk 00:08:15]}
{[%emt 00:03:16]} 20. Rf2 {[%clk 00:03:01]} {[%emt 00:01:32]} Bh4 {[%clk
00:06:49]} {[%emt 00:01:37]} 21. Rxe8+ {[%clk 00:02:19]} {[%emt 00:00:51]} Rxe8
{[%clk 00:06:58]} {[%emt 00:00:01]} 22. Nxh4 {[%emt 00:00:19]} Re1+ {[%clk
00:06:28]} {[%emt 00:00:39]} 23. Rf1 {[%clk 00:02:20]} Rxf1+ 24. Kxf1 {[%clk
00:02:29]} Qd1+ {[%clk 00:06:37]} {[%emt 00:00:08]} 25. Kf2 {[%clk 00:02:39]}
Qxd4+ {[%clk 00:06:44]} {[%emt 00:00:02]} 26. Kg3 {[%clk 00:02:06]} {[%emt
00:00:43]} Qd3+ {[%clk 00:06:20]} {[%emt 00:00:35]} 27. Qxd3 {[%clk 00:01:58]}
{[%emt 00:00:17]} Bxd3 {[%clk 00:06:29]} {[%emt 00:00:01]} 28. b3 {[%clk
00:02:08]} Bb1 {[%clk 00:06:38]} {[%emt 00:00:01]} 29. a3 {[%clk 00:02:15]}
{[%emt 00:00:03]} Ba2 {[%clk 00:06:44]} {[%emt 00:00:04]} 30. b4 {[%clk
00:02:19]} {[%emt 00:00:07]} cxb4 {[%clk 00:06:53]} {[%emt 00:00:01]} 31. axb4
{[%clk 00:02:28]} Bxc4 {[%clk 00:07:02]} {[%emt 00:00:01]} 32. Nf5 {[%clk
00:02:35]} {[%emt 00:00:03]} a5 {[%clk 00:06:32]} {[%emt 00:00:40]} 33. Nd6
{[%clk 00:02:29]} {[%emt 00:00:16]} Bd5 {[%clk 00:05:27]} {[%emt 00:01:14]} 34.
Nc8 {[%clk 00:02:08]} {[%emt 00:00:31]} a4 {[%clk 00:04:35]} {[%emt 00:01:02]}
35. Ne7+ {[%clk 00:02:16]} {[%emt 00:00:03]} Kf8 {[%clk 00:04:35]} {[%emt
00:00:10]} 36. Nxd5 {[%clk 00:02:25]} Ke8 {[%clk 00:04:22]} {[%emt 00:00:23]}
37. Kf3 {[%clk 00:02:27]} {[%emt 00:00:08]} Kd7 {[%clk 00:04:27]} {[%emt
00:00:05]} 38. Nxb6+ {[%clk 00:02:35]} {[%emt 00:00:02]} 1-0